000 01165cam a2200361 a 4500
003 OSt
005 20140310184522.0
008 990324s2000 maua b 000 0 eng
010 _a 99025701
020 _a0439295165
040 _aDLC
_cDLC
042 _alcac
050 0 0 _aPZ 8.3
_b.H66Ee 2001
100 1 _aHoberman, Mary Ann.
_929839
245 1 4 _aThe eensy weensy spider /
_cMary Ann Hoberman ; illustrated by Nadine Bernard Westcott.
250 _a1st ed.
260 _aBoston, Mass. :
_bLittle, Brown,
_c2001.
300 _a31 p. :
_bcol. ill. ;
_c23 cm.
500 _aMusic and hand-motion instruction on front endpaper.
521 _aG2
526 _c310
650 0 _aChildren's songs
_zUnited States
_vTexts.
_929840
650 1 _aSpiders
_vSongs and music.
_929841
650 1 _aSongs.
_922167
700 1 _aWestcott, Nadine Bernard,
_eill.
_929842
906 _a7
_bcbc
_corignew
_d1
_eocip
_f19
_gy-gencatlg
942 _2lcc
_cBK-SCHOLAS
999 _c35042
_d35042